1275 1377 1491 1970 1501 1533 1709 1996 1373 1439 1393 1406 1958 1291 1444 1628 1959 1721 1682 1525 1652 1533 1824 1363 1877 1588 1106 1723 1994 1398 1090 1155 1030 1498 1567 1896 1080 1580 1957 1100 1744 1104 1683 1915 1841 1112 1338 1981 1145 1081 1501 1932 1406 1486 1453 1196 1275 1047 1127 1634 1275 1900 1015 1983 1359 1873 1041 1442 1314 1811 1514 1965 1308 1748 1976 1404 1129 1865 1184 1305 1912 1404 1983 1400 1774 1064 1217 1077 1041 1962 1207 1267 1669 1481 1979 1397 1965 1843 1647 BCNSPRNW ULIB Ver.6.0+V

เปลี่ยนเป็นภาษาไทย

Change to English
 แสดงรายละเอียดบรรณานุกรม
  กลับหน้าหลัก

Brief Record : Get Marc (ISO 2709) : E-mail record : QR code < ปิดหน้าต่าง
LEADER : 00000nam 2200000uu 4500
001    13399111535
003     ULIB
008    110630s||||||||th 000 0 tha d
020    9749003608
050  4 BQ4570^bข251ธ 2548
100 0  ขวัญ เพียงหทัย
245 10 ธรรมะรอบกองไฟ /^cขวัญ เพียงหทัย, อนุรักษ์ จันทร์โพธิ์ศรี
250    พิมพ์ครั้งที่ 18
260    กรุงเทพฯ :^bเรือนธรรม,^c2548
300    223 หน้า ;^c21 ซม.
650  7 ธรรมะกับชีวิตประจำวัน
650  7 พุทธศาสนากับชีวิตประจำวัน
650  7 พุทธศาสนิกชน^xการดำเนินชีวิต
700 0  อนุรักษ์ จันทร์โพธิ์ศรี
945    ^p60^l0^i022912
995    ทศพร
999 ^a ใช้งานได้ทุกระบบ
รายการนี้ยังไม่มีแท็ก
คุณยังไม่ได้ล็อกอิน คุณสามารถมีกิจกรรมร่วมกับเว็บไซต์ได้ แต่ต้องล็อกอินก่อน ::
  ล็อกอิน

รายการสื่อสารสนเทศ

ลำดับที่ ประเภท เลขเรียก/บาร์โค้ด สถานที่ สถานะ
- ไม่พบข้อมูล -

รายการใกล้เคียง
    ผู้แต่ง [ขวัญ เพียงหทัย]

    หัวเรื่อง [ธรรมะกับชีวิตประจำวัน]
    หัวเรื่อง [พุทธศาสนากับชีวิตประจำวัน]

BibComment


ยังไม่เคยถูกคอมเมนท์

คอมเมนท์ทรัพยากรรายการนี้
  คอมเมนท์: ธรรมะรอบกองไฟ ขว..


 Copyright 2026. Bcnsprnw @Library